[Event "South America-ch Rapid 1st"]
[Site "Lima"]
[Date "2023.09.16"]
[Round "2"]
[White "Delgado Romero, Marco"]
[Black "Arevalo Perez, Luis Alexander"]
[Result "1-0"]
[WhiteElo "2316"]
[BlackElo "1927"]
[PlyCount "77"]
[EventDate "2023.09.16"]
[EventType "swiss (rapid)"]
[EventRounds "9"]
[EventCountry "PER"]
[SourceTitle "EXT 2024"]
[Source "ChessBase"]
[SourceDate "2023.10.10"]
[SourceVersion "1"]
[SourceVersionDate "2023.10.10"]
[SourceQuality "1"]

1. d4 c5 2. d5 Nf6 3. Nc3 d6 4. e4 g6 5. h3 Bg7 6. Nf3 0-0 7. Bd3 b6 8. 0-0 Ba6 9. Re1 Bxd3 10. cxd3 Nbd7 11. d4 Ne8 12. Bg5 h6 13. Be3 Nc7 14. Qd2 Kh7 15. a4 a6 16. Rad1 b5 17. dxc5 Nxc5 18. Bxc5 dxc5 19. e5 Qd7 20. axb5 axb5 21. Ne4 Rad8 22. d6 Ne6 23. Qd5 exd6 24. exd6 Rfe8 25. Ne5 Qa7 26. Nc6 Qb6 27. Nxd8 Rxd8 28. b3 Rd7 29. g3 Rd8 30. h4 Bd4 31. Kg2 Qa7 32. h5 Bg7 33. Re3 Nf8 34. Rf3 Rd7 35. hxg6+ fxg6 36. Rh1 c4 37. bxc4 bxc4 38. Qxc4 Qb7 39. Rc1 1-0

[Event "PER-ch"]
[Site "Lima"]
[Date "2023.08.29"]
[Round "1"]
[White "Delgado Romero, Marco"]
[Black "Maravi Ceron, Jhon"]
[Result "1-0"]
[WhiteElo "2329"]
[BlackElo "1730"]
[PlyCount "79"]
[EventDate "2023.08.29"]
[EventType "swiss"]
[EventRounds "9"]
[EventCountry "PER"]
[SourceTitle "EXT 2024"]
[Source "ChessBase"]
[SourceDate "2023.10.10"]
[SourceVersion "1"]
[SourceVersionDate "2023.10.10"]
[SourceQuality "1"]

1. e4 e6 2. d4 d5 3. e5 c5 4. c3 Nc6 5. Nf3 Qb6 6. a3 Bd7 7. b4 cxd4 8. cxd4 Nh6 9. Nc3 Nf5 10. Na4 Qc7 11. Bb2 b5 12. Nc5 a6 13. Bd3 Be7 14. 0-0 0-0 15. Rc1 f6 16. Qc2 Bxc5 17. Qxc5 Nh6 18. Qc2 f5 19. Nd2 Be8 20. Nb3 Qe7 21. Bc3 Kh8 22. Bd2 Qh4 23. f4 Rg8 24. Rf3 Ng4 25. h3 Nh6 26. Be1 Qe7 27. Qf2 g5 28. fxg5 Qxg5 29. Rg3 Qe7 30. Qf4 Rxg3 31. Bxg3 Ng8 32. Bh4 Qf7 33. g4 Nce7 34. Rf1 Qg7 35. Nc5 Ng6 36. Qg5 h6 37. Qf6 Bf7 38. Qxg7+ Kxg7 39. Be1 fxg4 40. hxg4 1-0

[Event "Sitges op 47th"]
[Site "Sitges"]
[Date "2023.07.29"]
[Round "8"]
[White "Noria Silvestre, Joaquin"]
[Black "Delgado Romero, Marco"]
[Result "0-1"]
[WhiteElo "2124"]
[BlackElo "2290"]
[PlyCount "64"]
[EventDate "2023.07.22"]
[EventType "swiss"]
[EventRounds "9"]
[EventCountry "ESP"]
[SourceTitle "CBM 215 Extra"]
[Source "ChessBase"]
[SourceDate "2023.09.30"]
[SourceVersion "1"]
[SourceVersionDate "2023.09.30"]
[SourceQuality "1"]

1. e4 c5 2. Nc3 g6 3. d4 cxd4 4. Qxd4 Nf6 5. Nf3 Nc6 6. Qa4 d6 7. Bg5 Bg7 8. Be2 0-0 9. Rd1 h6 10. Bh4 Qb6 11. Nd5 Nxd5 12. exd5 Nb8 13. Bxe7 Bd7 14. Qf4 Rc8 15. 0-0 Re8 16. Bxd6 g5 17. Qg3 f5 18. Bxb8 Rexb8 19. Ne1 Re8 20. Bd3 Qxb2 21. Qd6 Rad8 22. Qg6 Rf8 23. c4 Qxa2 24. Nf3 Rf6 25. Qh5 Be8 26. Qh3 g4 27. Qg3 gxf3 28. Rfe1 Qb3 29. Qxf3 Bh5 30. Qe3 Re8 31. Qd2 Qb6 32. Rb1 Qd4 0-1

[Event "Sitges op 47th"]
[Site "Sitges"]
[Date "2023.07.28"]
[Round "7"]
[White "Delgado Romero, Marco"]
[Black "Dhruva, Thota"]
[Result "1/2-1/2"]
[WhiteElo "2290"]
[BlackElo "2079"]
[PlyCount "106"]
[EventDate "2023.07.22"]
[EventType "swiss"]
[EventRounds "9"]
[EventCountry "ESP"]
[SourceTitle "CBM 215 Extra"]
[Source "ChessBase"]
[SourceDate "2023.09.30"]
[SourceVersion "1"]
[SourceVersionDate "2023.09.30"]
[SourceQuality "1"]

1. e4 c5 2. Nf3 d6 3. d4 cxd4 4. Nxd4 Nf6 5. Nc3 a6 6. Bg5 e6 7. f4 Be7 8. Qf3 Qc7 9. 0-0-0 Nbd7 10. g4 h6 11. Bxf6 Bxf6 12. h4 Nb6 13. g5 Bxd4 14. Rxd4 Qc5 15. Rd2 Bd7 16. gxh6 gxh6 17. Be2 Na4 18. Rd3 Rc8 19. Bd1 Nxc3 20. Rxc3 Qa5 21. Rxc8+ Bxc8 22. Qg3 Bd7 23. a3 Rf8 24. Re1 Qc5 25. Re2 Bb5 26. Re3 Qd4 27. c3 Qc5 28. b4 Qc4 29. Kb2 Qf1 30. Bc2 a5 31. Re1 Qc4 32. Qg7 Ke7 33. f5 axb4 34. axb4 Ra8 35. Bb3 Qd3 36. Qxh6 Rg8 37. Qe3 Rg2+ 38. Ka3 Qxe3 39. Rxe3 Rh2 40. fxe6 fxe6 41. c4 Bd7 42. e5 dxe5 43. Rxe5 Rxh4 44. c5 Kf6 45. Re3 e5 46. Bd5 Bc6 47. Rf3+ Rf4 48. Bxc6 bxc6 49. Rh3 e4 50. Rh6+ Ke7 51. Kb3 e3 52. Kc3 e2 53. Kd2 Rxb4 1/2-1/2

[Event "El Vendrell op 3rd"]
[Site "El Vendrell"]
[Date "2023.07.15"]
[Round "9"]
[White "Delgado Romero, Marco"]
[Black "Aloma Vidal, Roberto"]
[Result "1/2-1/2"]
[WhiteElo "2243"]
[BlackElo "2464"]
[PlyCount "147"]
[EventDate "2023.07.15"]
[EventType "swiss (rapid)"]
[EventRounds "9"]
[EventCountry "ESP"]
[SourceTitle "CBM 215 Extra"]
[Source "ChessBase"]
[SourceDate "2023.09.30"]
[SourceVersion "1"]
[SourceVersionDate "2023.09.30"]
[SourceQuality "1"]

1. d4 e6 2. c4 b6 3. Nc3 Bb4 4. Qc2 Bb7 5. e4 Qh4 6. Bd3 Bxc3+ 7. bxc3 f5 8. d5 fxe4 9. Bxe4 Nf6 10. Bf3 Qxc4 11. dxe6 Qxe6+ 12. Be3 Be4 13. Bxe4 Qxe4 14. Qxe4+ Nxe4 15. f3 Nxc3 16. Bd4 Nd5 17. Bxg7 Rg8 18. 0-0-0 Rxg7 19. Rxd5 Rxg2 20. Nh3 d6 21. Rh5 Na6 22. Re1+ Kd7 23. Rxh7+ Kc6 24. Nf4 Rxa2 25. Kb1 Rd2 26. Ne6 Rg8 27. Nxc7 Nxc7 28. Rc1+ Kb5 29. Rhxc7 a5 30. R7c2 Rd4 31. Rb2+ Ka6 32. Rc6 Rb8 33. f4 Rxf4 34. Rxd6 a4 35. Ka2 Rh4 36. Re6 Ka5 37. Re7 b5 38. Ra7+ Kb6 39. Rg7 Ka6 40. Rg6+ Ka5 41. Rg7 Rbh8 42. Rg5 Rb8 43. Rg7 b4 44. Re2 Rh5 45. Ra7+ Kb5 46. Rae7 Rb6 47. Kb2 Rbh6 48. R7e5+ Rxe5 49. Rxe5+ Kc4 50. Re4+ Kc5 51. h4 Rf6 52. Re2 Rh6 53. Rh2 Rh5 54. Rh3 Kd4 55. Kc2 Ke4 56. Kb2 Kf4 57. Rd3 Rxh4 58. Rd4+ Kg3 59. Rd8 Rh2+ 60. Kb1 Rh1+ 61. Kb2 a3+ 62. Ka2 Rh2+ 63. Ka1 Rf2 64. Rb8 Rf4 65. Ka2 Kf3 66. Kb3 Ke3 67. Rd8 Rd4 68. Rh8 Rd1 69. Rh3+ Kd4 70. Rh4+ Kc5 71. Rc4+ Kd5 72. Rxb4 Rb1+ 73. Kxa3 Rxb4 74. Kxb4 1/2-1/2

[Event "Barbera del Valles op 45th"]
[Site "Barbera del Valles"]
[Date "2023.07.06"]
[Round "3"]
[White "Narciso Dublan, Marc"]
[Black "Delgado Romero, Marco"]
[Result "1-0"]
[WhiteElo "2424"]
[BlackElo "2290"]
[PlyCount "91"]
[EventDate "2023.07.04"]
[EventType "swiss"]
[EventRounds "9"]
[EventCountry "ESP"]
[SourceTitle "CBM 215 Extra"]
[Source "ChessBase"]
[SourceDate "2023.09.30"]
[SourceVersion "1"]
[SourceVersionDate "2023.09.30"]
[SourceQuality "1"]

1. e4 g6 2. d4 Bg7 3. Nf3 c5 4. d5 d6 5. Nc3 Nf6 6. Bc4 0-0 7. 0-0 Bg4 8. h3 Bxf3 9. Qxf3 Nbd7 10. Qd1 Ne8 11. Re1 Nc7 12. a4 a6 13. a5 b5 14. axb6 Nxb6 15. Bf1 Qd7 16. Ra5 f5 17. h4 f4 18. Nb1 e6 19. dxe6 Nxe6 20. Nd2 Nd4 21. c3 Nc6 22. Rxa6 Rxa6 23. Bxa6 Qa7 24. Be2 Ne5 25. Nf3 Nxf3+ 26. Bxf3 Be5 27. h5 Kg7 28. Bg4 Qf7 29. Qf3 Re8 30. Qh3 Re7 31. g3 Qf6 32. hxg6 hxg6 33. Kg2 fxg3 34. Rf1 g5 35. fxg3 Qh6 36. Qxh6+ Kxh6 37. Rh1+ Kg7 38. Bxg5 Bf6 39. Bh6+ Kg8 40. Bf5 Ra7 41. Be6+ Kh7 42. Bf8+ Kg6 43. Rh6+ Kg5 44. Bf5 Be7 45. Rg6+ Kh5 46. Kh3 1-0

[Event "Llinars del Valles 3rd"]
[Site "Llinars del Valles"]
[Date "2023.07.02"]
[Round "8"]
[White "Solodovnichenko, Yuri"]
[Black "Delgado Romero, Marco"]
[Result "1/2-1/2"]
[WhiteElo "2503"]
[BlackElo "2290"]
[PlyCount "89"]
[EventDate "2023.06.25"]
[EventType "swiss"]
[EventRounds "9"]
[EventCountry "ESP"]
[SourceTitle "CBM 215 Extra"]
[Source "ChessBase"]
[SourceDate "2023.09.30"]
[SourceVersion "1"]
[SourceVersionDate "2023.09.30"]
[SourceQuality "1"]

1. e4 c5 2. Nf3 g6 3. d4 cxd4 4. Qxd4 Nf6 5. Nc3 Nc6 6. Qa4 d6 7. e5 dxe5 8. Nxe5 Bd7 9. Nxd7 Nxd7 10. Bb5 Bg7 11. 0-0 0-0 12. Rd1 Qc8 13. Nd5 Re8 14. Qa3 Bf8 15. Qf3 a6 16. Bf1 e6 17. Ne3 f5 18. Nc4 Nce5 19. Nxe5 Nxe5 20. Qb3 Qc6 21. Re1 Bg7 22. Bf4 Nd7 23. Rad1 Nc5 24. Qb4 Rad8 25. Be3 Ne4 26. c3 b5 27. g3 Rxd1 28. Rxd1 Bf8 29. Qd4 Bc5 30. Qd7 Qxd7 31. Rxd7 Nf6 32. Rd3 Bxe3 33. fxe3 Kf7 34. Rd6 Ng4 35. Be2 Nxe3 36. Rxa6 Rd8 37. Kf2 Nd1+ 38. Ke1 Nxb2 39. Bxb5 Kf6 40. a4 Nd3+ 41. Ke2 Nc5 42. Rc6 Rd5 43. Kf3 g5 44. c4 Re5 45. Rc7 1/2-1/2

[Event "Llinars del Valles 3rd"]
[Site "Llinars del Valles"]
[Date "2023.07.01"]
[Round "7"]
[White "Delgado Romero, Marco"]
[Black "Cruz Estrada, Filemon"]
[Result "1-0"]
[WhiteElo "2290"]
[BlackElo "2290"]
[PlyCount "103"]
[EventDate "2023.06.25"]
[EventType "swiss"]
[EventRounds "9"]
[EventCountry "ESP"]
[SourceTitle "CBM 215 Extra"]
[Source "ChessBase"]
[SourceDate "2023.09.30"]
[SourceVersion "1"]
[SourceVersionDate "2023.09.30"]
[SourceQuality "1"]

1. d4 e6 2. c4 Nf6 3. Nc3 Bb4 4. Qc2 c5 5. dxc5 Bxc5 6. Nf3 Qb6 7. e3 Be7 8. g4 d6 9. g5 Nfd7 10. b3 Qc6 11. e4 a6 12. Be3 Qc7 13. 0-0-0 Ne5 14. Nxe5 dxe5 15. Na4 Nc6 16. h4 Nd4 17. Bxd4 exd4 18. c5 Bd7 19. Nb6 Rd8 20. b4 Bc6 21. Bd3 Qf4+ 22. Qd2 Qf3 23. Rde1 h6 24. Rhg1 hxg5 25. Rg3 Qf4 26. hxg5 Rh4 27. Qxf4 Rxf4 28. Re2 g6 29. Nc4 Kf8 30. Na5 Rc8 31. Kb2 Kg7 32. Kb3 Bd8 33. Nxc6 Rxc6 34. e5 Rc7 35. f3 b6 36. Rc2 a5 37. bxa5 bxc5 38. a6 Rh4 39. Rg1 Be7 40. Kc4 Rh8 41. Be4 Rb8 42. Bb7 Rcxb7 43. axb7 Rxb7 44. a3 Ra7 45. Ra2 Kf8 46. f4 Ke8 47. Rb1 Kd7 48. a4 Kc6 49. a5 d3 50. Rb6+ Kc7 51. Kb5 Kc8 52. a6 1-0

[Event "FIDE World Uni Blitz-B 1st"]
[Site "Tornelo INT"]
[Date "2021.03.13"]
[Round "4.3"]
[White "Delgado Romero, Marco"]
[Black "Albornoz Cabrera, Carlos Daniel"]
[Result "1-0"]
[WhiteElo "2282"]
[BlackElo "2573"]
[PlyCount "141"]
[EventDate "2021.03.13"]
[EventType "swiss (blitz)"]
[EventRounds "10"]
[EventCountry "NET"]
[SourceTitle "EXT 2022"]
[Source "ChessBase"]
[SourceDate "2021.10.06"]
[SourceVersion "1"]
[SourceVersionDate "2021.10.06"]
[SourceQuality "1"]

1. d4 Nf6 2. c4 g6 3. Nc3 Bg7 4. e4 d6 5. h3 0-0 6. Be3 e5 7. d5 a5 8. g4 Na6 9. Nge2 h5 10. f3 Nh7 11. Qd2 Qh4+ 12. Bf2 Qg5 13. Be3 Qe7 14. 0-0-0 h4 15. g5 Bd7 16. Kb1 a4 17. Nb5 Rfc8 18. Nec3 Bf8 19. Rg1 c6 20. dxc6 Bxc6 21. Nxd6 Rd8 22. c5 b6 23. Bxa6 bxc5 24. Qe2 Rxd6 25. Rxd6 Qxd6 26. Rd1 Qe6 27. Bc4 Qxh3 28. Nd5 Rb8 29. f4 a3 30. b3 exf4 31. Bxf4 Re8 32. Rf1 Qd7 33. Qf3 Bg7 34. Bc1 Rf8 35. Rh1 Qd6 36. Bf4 Be5 37. Rxh4 Bxd5 38. Bxd5 Bxf4 39. Qxf4 Qxf4 40. Rxf4 Nxg5 41. Rg4 Ne6 42. Bxe6 fxe6 43. Rxg6+ Kf7 44. Rg5 Rc8 45. Kc2 Kf6 46. Rh5 e5 47. Kc3 Rd8 48. Rh6+ Kg5 49. Ra6 Kf4 50. Rxa3 Kxe4 51. Ra5 Rd5 52. a4 Kf4 53. Kc4 Rd8 54. Rxc5 e4 55. Rc7 e3 56. Re7 Kf3 57. b4 e2 58. b5 Rd7 59. Re8 Rd8 60. Rxe2 Kxe2 61. b6 Ke3 62. a5 Ke4 63. b7 Ke5 64. a6 Rb8 65. Kc5 Ke6 66. Kc6 Ke7 67. Kc7 Rd8 68. b8Q Rd7+ 69. Kc6 Rd3 70. Qe5+ Kd8 71. a7 1-0

[Event "FIDE World Uni Blitz-B 1st"]
[Site "Tornelo INT"]
[Date "2021.03.13"]
[Round "2.26"]
[White "Delgado Romero, Marco"]
[Black "Mahtani, Nitin"]
[Result "1-0"]
[WhiteElo "2282"]
[BlackElo "1773"]
[PlyCount "67"]
[EventDate "2021.03.13"]
[EventType "swiss (blitz)"]
[EventRounds "10"]
[EventCountry "NET"]
[SourceTitle "EXT 2022"]
[Source "ChessBase"]
[SourceDate "2021.10.06"]
[SourceVersion "1"]
[SourceVersionDate "2021.10.06"]
[SourceQuality "1"]

1. d4 d5 2. c4 c6 3. Nf3 Nf6 4. Nc3 e6 5. e3 Nbd7 6. Qc2 Bd6 7. b3 0-0 8. Bb2 Re8 9. Be2 e5 10. h3 exd4 11. Nxd4 Ne5 12. cxd5 cxd5 13. 0-0 Bd7 14. Rad1 Rc8 15. Qb1 Bc6 16. Nf5 Bb8 17. e4 Qc7 18. f4 Ng6 19. e5 Ne4 20. Nxd5 Bxd5 21. Rxd5 Qc2 22. Qxc2 Rxc2 23. Bd3 Rxb2 24. Bxe4 Rxa2 25. Rd7 b6 26. Bd5 Rf8 27. g3 a5 28. Rc1 b5 29. Rxf7 Rxf7 30. Rc8+ Nf8 31. Ne7+ Kh8 32. Rxb8 Ra1+ 33. Kg2 Ra2+ 34. Kf3 1-0

[Event "FIDE World Uni Blitz-B 1st"]
[Site "Tornelo INT"]
[Date "2021.03.13"]
[Round "8.1"]
[White "Delgado Romero, Marco"]
[Black "Oparin, Grigoriy"]
[Result "0-1"]
[WhiteElo "2282"]
[BlackElo "2652"]
[PlyCount "122"]
[EventDate "2021.03.13"]
[EventType "swiss (blitz)"]
[EventRounds "10"]
[EventCountry "NET"]
[SourceTitle "EXT 2022"]
[Source "ChessBase"]
[SourceDate "2021.10.06"]
[SourceVersion "1"]
[SourceVersionDate "2021.10.06"]
[SourceQuality "1"]

1. d4 Nf6 2. c4 e6 3. Nf3 d5 4. Nc3 Be7 5. Bg5 h6 6. Bxf6 Bxf6 7. e3 0-0 8. Be2 dxc4 9. Bxc4 Nd7 10. 0-0 c5 11. Ne4 cxd4 12. Nxf6+ Nxf6 13. Qxd4 Qxd4 14. Nxd4 Bd7 15. Rfd1 Rfc8 16. Rac1 Kf8 17. f3 Ke7 18. Kf2 a6 19. Ne2 b5 20. Bb3 a5 21. a3 Rab8 22. Rxc8 Rxc8 23. Rc1 Rb8 24. Nd4 a4 25. Bd1 b4 26. Nc6+ Bxc6 27. Rxc6 bxa3 28. bxa3 Rb2+ 29. Rc2 Rb1 30. Rd2 Ra1 31. Rd3 Ra2+ 32. Kf1 Nd7 33. Rc3 Nb6 34. e4 g5 35. Rc6 Nd7 36. Bxa4 Rxa3 37. Bb5 Ne5 38. Rc2 h5 39. Be2 h4 40. Kf2 Kf6 41. Rb2 Ra1 42. Rc2 Rh1 43. Bf1 g4 44. h3 g3+ 45. Ke1 Nd3+ 46. Ke2 Nf4+ 47. Ke1 Ke5 48. Rd2 Rg1 49. Ra2 Kd4 50. Ra4+ Kc3 51. Ra3+ Kb4 52. Ra2 Kb3 53. Rd2 e5 54. Rd1 Nxg2+ 55. Ke2 Nf4+ 56. Ke3 Kb4 57. Rb1+ Kc5 58. Rc1+ Kd6 59. Rd1+ Ke7 60. Be2 Rxd1 61. Bxd1 Nxh3 0-1

[Event "Pan American-ch U20"]
[Site "Cochabamba"]
[Date "2019.08.05"]
[Round "7"]
[White "Huanca, Edson"]
[Black "Delgado Romero, Marco"]
[Result "0-1"]
[WhiteElo "1948"]
[BlackElo "2236"]
[PlyCount "82"]
[EventDate "2019.08.01"]
[EventType "swiss"]
[EventRounds "9"]
[EventCountry "BOL"]
[SourceTitle "EXT 2021"]
[Source "ChessBase"]
[SourceDate "2020.10.23"]
[SourceVersion "1"]
[SourceVersionDate "2020.10.23"]
[SourceQuality "1"]

1. e4 c5 2. Nc3 g6 3. Nge2 Bg7 4. g3 Nc6 5. Bg2 e5 6. 0-0 Nge7 7. d3 0-0 8. Be3 d6 9. Qd2 Nd4 10. f4 Be6 11. h3 f5 12. Kh2 Qd7 13. Nd1 Rad8 14. c3 Nxe2 15. Qxe2 b6 16. Nf2 Nc6 17. exf5 gxf5 18. g4 Ne7 19. g5 exf4 20. Bxf4 Ng6 21. Bd2 Rfe8 22. Qh5 Bf7 23. h4 Be5+ 24. Kh1 Nf4 25. Qd1 Nxg2 26. Kxg2 Bd5+ 27. Kg1 Bb7 28. Qh5 Qc6 29. Ne4 fxe4 30. g6 Qd7 31. Bh6 Bg7 32. gxh7+ Kh8 33. Rf8+ Bxf8 34. Rf1 Bxh6 35. Rf7 Be3+ 36. Kh2 Qe6 37. Rxb7 exd3 38. Qf3 d2 39. Qg2 Bf4+ 40. Kh1 d1Q+ 41. Qg1 Qe4# 0-1